000 00432nam a22001697a 4500
003 OSt
005 20260606114620.0
008 260606b |||||||| |||| 00| 0 eng d
020 _a9789355427267
082 _a006.35 SOL
100 _aSONI,Manish
245 _aLearn from scratch Lage Language Model
250 _a1st Ed Rep
260 _aMumbai
_bShroff Publishers and Distributors
_c2025
300 _a227p.
942 _2ddc
_cREF
999 _c14007
_d14007